000 00591nam a2200217 a 4500
001 BRCA_5561
005 20190320205130.0
008 180211s1944----sz-a######---#000-0#ger-#
041 _ager
044 _asz
050 4 _aNA7115
_b.A78 1944
100 1 _aArtaria, Paul
_914191
245 1 0 _aVom Bauen and Wohnen ein Bilderbuch fur Laien und Fachleute
_cvon Paul Artaria.
250 _a2
260 _aBasilea, Suiza
_bB. Wepf
_c1944
300 _a165 p.
_bil.
_c25 cm.
500 _aF36
650 1 4 _aArquitectura doméstica
_xDiseños y planos
_914192
902 _aGFM
942 _2lcc
_cB
999 _c5255
_d5255